Higher education management journal of the programme on Institutional Management in Higher Education

Saved in:
Bibliographic Details
Format: Serial
Language:English
Published: Paris OECD 1999
Tags: Add Tag
No Tags, Be the first to tag this record!

MARC

LEADER 00000nas2a2200000 4500
001 s124231
005 20221221070409.1
022 |a 1013-851X 
041 0 |a eng 
044 |a FR 
245 1 0 |a Higher education management  |b journal of the programme on Institutional Management in Higher Education 
264 1 |a Paris  |b OECD  |c 1999 
300 |a 1 zv. 
500 |a chýba č. 1 
773 0 |w eu_un_cat*s123768